[Event "Oberliga Nord O 0506"]
[Site "Germany"]
[Date "2006.01.29"]
[Round "6.5"]
[White "Baumbach, Friedrich"]
[Black "Babic, Dragojle"]
[Result "1/2-1/2"]
[WhiteElo "2279"]
[BlackElo "2296"]
[PlyCount "33"]
[EventDate "2005.10.23"]
[EventType "team-tourn"]
[EventRounds "9"]
[EventCountry "GER"]
[SourceTitle "EXT 2007"]
[Source "ChessBase"]
[SourceDate "2006.11.23"]
[SourceVersion "1"]
[SourceVersionDate "2006.11.23"]
[SourceQuality "1"]
[WhiteTeam "Friesen Lichtenberg"]
[BlackTeam "Berlin II"]
[WhiteTeamCountry "GER"]
[BlackTeamCountry "GER"]

1. d4 Nf6 2. Nf3 e6 3. c4 c5 4. g3 b6 5. Bg2 Bb7 6. 0-0 cxd4 7. Nxd4 Bxg2 8. Kxg2 Qc7 9. b3 a6 10. Bb2 Be7 11. Nc3 0-0 12. e4 Nc6 13. Nxc6 dxc6 14. Qe2 e5 15. Rad1 Rad8 16. Rxd8 Rxd8 17. Rd1 1/2-1/2

[Event "BL2-Nord 0405"]
[Site "Germany"]
[Date "2005.01.30"]
[Round "6.5"]
[White "Neumeier, Lars"]
[Black "Babic, Dragojle"]
[Result "1/2-1/2"]
[WhiteElo "2254"]
[BlackElo "2274"]
[PlyCount "120"]
[EventDate "2004.10.24"]
[EventType "team-tourn"]
[EventRounds "9"]
[EventCountry "GER"]
[SourceTitle "EXT 2007"]
[Source "ChessBase"]
[SourceDate "2006.11.23"]
[SourceVersion "1"]
[SourceVersionDate "2006.11.23"]
[SourceQuality "1"]
[WhiteTeam "Berlin Rotation"]
[BlackTeam "Neukoelln II"]
[WhiteTeamCountry "GER"]
[BlackTeamCountry "GER"]

1. Nf3 Nf6 2. d4 c5 3. e3 e6 4. Be2 Be7 5. 0-0 0-0 6. Nbd2 b6 7. c3 Bb7 8. Bd3 Nc6 9. Nc4 b5 10. Nce5 c4 11. Bc2 d6 12. Nxc6 Bxc6 13. Nd2 d5 14. f3 b4 15. cxb4 Bxb4 16. a3 Ba5 17. Nb1 Rb8 18. Nc3 Qc7 19. Qe1 e5 20. Qh4 Rfe8 21. Kh1 Bxc3 22. bxc3 e4 23. a4 Qa5 24. Qe1 Qc7 25. Ba3 Qd7 26. Bb4 exf3 27. Rxf3 Ne4 28. Bxe4 Rxe4 29. Qg3 Rb7 30. a5 Rg4 31. Qf2 a6 32. Rf1 Qe6 33. h3 Rg6 34. Rf5 f6 35. Re5 Qf7 36. Qh4 h6 37. Ref5 Ba4 38. Qf2 Qe6 39. Qf3 Rd7 40. Rf2 Kh7 41. h4 Rd8 42. Kh2 Bc6 43. Re2 Bd7 44. Rf4 f5 45. Re1 Rf6 46. h5 Rg8 47. Rh4 Ba4 48. Qf2 g5 49. hxg6+ Rfxg6 50. g3 Rg5 51. Kg2 Qg6 52. Rh3 Bc2 53. Qf4 Be4+ 54. Kf2 Rh5 55. Rh4 Rg7 56. Rg1 Rf7 57. Bc5 Rxh4 58. gxh4 Qh5 59. Qg3 Qg4 60. Qf4 Qxf4+ 1/2-1/2

[Event "BL2-Nord 0405"]
[Site "Germany"]
[Date "2004.12.12"]
[Round "4.5"]
[White "Rahls, Peter"]
[Black "Babic, Dragojle"]
[Result "1-0"]
[WhiteElo "2368"]
[BlackElo "2274"]
[PlyCount "106"]
[EventDate "2004.10.24"]
[EventType "team-tourn"]
[EventRounds "9"]
[EventCountry "GER"]
[SourceTitle "EXT 2007"]
[Source "ChessBase"]
[SourceDate "2006.11.23"]
[SourceVersion "1"]
[SourceVersionDate "2006.11.23"]
[SourceQuality "1"]
[WhiteTeam "Zehlendorf"]
[BlackTeam "Neukoelln II"]
[WhiteTeamCountry "GER"]
[BlackTeamCountry "GER"]

1. e4 Nf6 2. e5 Nd5 3. c4 Nb6 4. c5 Nd5 5. Bc4 e6 6. d4 d6 7. cxd6 cxd6 8. Nf3 Nb6 9. Bd3 Nc6 10. 0-0 Be7 11. Nc3 0-0 12. Qe2 d5 13. Bf4 a6 14. Rad1 Bd7 15. Bb1 Rc8 16. Qd3 g6 17. Bh6 Re8 18. b3 Na7 19. Qe3 Nb5 20. Nxb5 Bxb5 21. Rfe1 Nd7 22. Qf4 f5 23. exf6 Bxf6 24. h4 Qe7 25. Qg4 Bg7 26. Bxg7 Kxg7 27. Ng5 Nf8 28. h5 Rc3 29. hxg6 hxg6 30. Nxe6+ Qxe6 31. Rxe6 Rxe6 32. Qf4 Rc8 33. a4 Bc6 34. Qg3 Rce8 35. Bd3 R8e7 36. f4 Re3 37. Qg5 Be8 38. Kf2 R3e6 39. f5 Nh7 40. Qg3 Rb6 41. Kg1 Nf6 42. fxg6 Rxb3 43. Rf1 Rb6 44. Qh4 Bxg6 45. Qg5 Ng8 46. a5 Rbe6 47. Rb1 Kh7 48. Bxg6+ Rxg6 49. Qxd5 Nf6 50. Qf3 Kh6 51. d5 Ng4 52. d6 Rd7 53. Qf4+ Kh5 1-0

[Event "Oberliga Nord O 0304"]
[Site "Germany"]
[Date "2004.02.15"]
[Round "6.2"]
[White "Babic, Dragojle"]
[Black "Trenner, Rolf"]
[Result "1-0"]
[WhiteElo "2296"]
[BlackElo "2273"]
[PlyCount "33"]
[EventDate "2003.10.12"]
[EventType "team-tourn"]
[EventRounds "9"]
[EventCountry "GER"]
[SourceTitle "EXT 2005"]
[Source "ChessBase"]
[SourceDate "2004.11.15"]
[SourceVersion "1"]
[SourceVersionDate "2004.11.15"]
[SourceQuality "1"]
[WhiteTeam "Neukoelln II"]
[BlackTeam "Potsdam Empor"]
[WhiteTeamCountry "GER"]
[BlackTeamCountry "GER"]

1. e4 e5 2. Nf3 Nc6 3. Bc4 Bc5 4. b4 Bxb4 5. c3 Be7 6. d4 exd4 7. Qb3 Na5 8. Bxf7+ Kf8 9. Qa4 c5 10. Bxg8 Rxg8 11. cxd4 d5 12. exd5 Bd7 13. Qc2 cxd4 14. 0-0 Bf6 15. Qxh7 Bb5 16. Ba3+ Kf7 17. Qf5 1-0

[Event "Oberliga Nord O 0304"]
[Site "Germany"]
[Date "2004.01.18"]
[Round "5.3"]
[White "Heuer, Thomas"]
[Black "Babic, Dragojle"]
[Result "1/2-1/2"]
[WhiteElo "2212"]
[BlackElo "2296"]
[PlyCount "67"]
[EventDate "2003.10.12"]
[EventType "team-tourn"]
[EventRounds "9"]
[EventCountry "GER"]
[SourceTitle "EXT 2005"]
[Source "ChessBase"]
[SourceDate "2004.11.15"]
[SourceVersion "1"]
[SourceVersionDate "2004.11.15"]
[SourceQuality "1"]
[WhiteTeam "Rehberge"]
[BlackTeam "Neukoelln II"]
[WhiteTeamCountry "GER"]
[BlackTeamCountry "GER"]

1. d4 Nf6 2. Nf3 e6 3. g3 c5 4. Bg2 Nc6 5. 0-0 Qb6 6. dxc5 Bxc5 7. Nc3 Ng4 8. Ne4 d5 9. Nxc5 Qxc5 10. b3 0-0 11. Bb2 Re8 12. h3 Nf6 13. Bxf6 gxf6 14. Qd2 Kg7 15. Rad1 Rd8 16. c3 e5 17. Qb2 a5 18. Rd2 Be6 19. Rfd1 b5 20. Nh2 Rac8 21. Ng4 b4 22. cxb4 Nxb4 23. Ne3 d4 24. Qb1 Rg8 25. Nf5+ Kh8 26. Be4 Rb8 27. Kh2 Bxf5 28. Bxf5 Nd5 29. Qe4 Rge8 30. Qf3 Nc3 31. Rc1 Re7 32. Be4 f5 33. Bxf5 Kg7 34. h4 1/2-1/2

[Event "Belgrade tt Cup"]
[Site "Belgrade"]
[Date "2003.04.08"]
[Round "5"]
[White "Babic, Dragojle"]
[Black "Biocanin, Goran"]
[Result "0-1"]
[WhiteElo "2296"]
[BlackElo "2266"]
[PlyCount "80"]
[EventDate "2003.04.04"]
[EventType "team"]
[EventRounds "5"]
[EventCountry "YUG"]
[SourceTitle "CBM 093 Extra"]
[Source "ChessBase"]
[SourceDate "2003.05.09"]
[SourceVersion "1"]
[SourceVersionDate "2003.05.09"]
[SourceQuality "1"]

1. e4 e6 2. d4 d5 3. Nc3 Nf6 4. Bg5 dxe4 5. Nxe4 Be7 6. Bxf6 Bxf6 7. Nf3 Nd7 8. Bd3 0-0 9. c3 e5 10. Nxf6+ Qxf6 11. Qc2 h6 12. 0-0-0 exd4 13. Nxd4 c5 14. Nf3 c4 15. Bxc4 Qf4+ 16. Nd2 Ne5 17. g3 Qxf2 18. Rdf1 Qc5 19. Be2 Be6 20. Nb3 Qe3+ 21. Kb1 Bd5 22. Ka1 Be4 23. Qd2 Qxd2 24. Nxd2 Bxh1 25. Rxh1 Rad8 26. Nb3 g6 27. Kb1 h5 28. Nd4 Nc6 29. Nb3 Rfe8 30. Bc4 Re4 31. Bb5 a6 32. Nc5 Re5 33. Bxc6 bxc6 34. b4 Rd2 35. Nb3 Rf2 36. Nc1 Re3 37. c4 Re4 38. Nd3 Rd2 39. Nc5 Rxc4 40. Nb3 Rxb4 0-1

[Event "Belgrade tt Cup"]
[Site "Belgrade"]
[Date "2003.04.06"]
[Round "3"]
[White "Babic, Dragojle"]
[Black "Jakovljevic, Vladan"]
[Result "0-1"]
[WhiteElo "2296"]
[BlackElo "2226"]
[PlyCount "106"]
[EventDate "2003.04.04"]
[EventType "team"]
[EventRounds "5"]
[EventCountry "YUG"]
[SourceTitle "CBM 093 Extra"]
[Source "ChessBase"]
[SourceDate "2003.05.09"]
[SourceVersion "1"]
[SourceVersionDate "2003.05.09"]
[SourceQuality "1"]

1. e4 c5 2. Nf3 Nc6 3. d4 cxd4 4. Nxd4 Nf6 5. Nc3 e5 6. Ndb5 d6 7. Bg5 a6 8. Na3 b5 9. Nd5 Be7 10. Bxf6 Bxf6 11. c3 0-0 12. Nc2 Bg5 13. a4 bxa4 14. Rxa4 Ra7 15. Bd3 g6 16. 0-0 f5 17. f3 Be6 18. b4 Ne7 19. c4 Nxd5 20. cxd5 Bd7 21. Ra2 a5 22. Qe2 a4 23. Rb1 Qb6+ 24. Qf2 Qxf2+ 25. Kxf2 fxe4 26. Bxe4 Rc8 27. Bd3 Rc3 28. Ke2 Rb7 29. g4 Rb3 30. Rab2 Rxd3 31. Kxd3 Bb5+ 32. Ke4 Rc7 33. f4 exf4 34. Nd4 Rc4 35. Rc2 a3 36. Rxc4 Bxc4 37. b5 a2 38. Ra1 Bd8 39. Nc6 Bb6 40. Nb4 f3 41. Kxf3 Bc5 42. Nxa2 Bxd5+ 43. Kg3 Bd4 44. Nb4 Be5+ 45. Kh3 Bf3 46. Ra3 Be2 47. b6 Bf1+ 48. Kh4 Bg2 49. Rd3 h6 50. Rd2 Bb7 51. Ra2 Bd4 52. Ra7 Bg2 53. Ra6 Bf2# 0-1

[Event "Pula op 10th"]
[Site "Pula"]
[Date "1996.??.??"]
[Round "?"]
[White "Zelic, Mladen"]
[Black "Babic, Dragojle"]
[Result "1-0"]
[WhiteElo "2345"]
[BlackElo "2315"]
[PlyCount "45"]
[EventDate "1996.05.??"]
[EventType "swiss"]
[EventRounds "9"]
[EventCountry "CRO"]
[SourceTitle "EXT 1998"]
[Source "ChessBase"]
[SourceDate "1997.11.17"]
[SourceVersion "1"]
[SourceVersionDate "1997.11.17"]
[SourceQuality "1"]

1. e4 e5 2. f4 d5 3. exd5 exf4 4. Nf3 Qxd5 5. Nc3 Qh5 6. d4 Bd6 7. Ne4 Qg6 8. Bd3 Ne7 9. 0-0 0-0 10. c3 Bg4 11. Qc2 h6 12. Nxd6 Qxd6 13. Ne5 Be6 14. Bxf4 Qb6 15. Rae1 c5 16. Nc4 Bxc4 17. Bxc4 Ng6 18. Be3 cxd4 19. Bxd4 Qc6 20. Bxf7+ Rxf7 21. Rxf7 Kxf7 22. Qb3+ Kf8 23. Re6 1-0

[Event "BL2-Nord 9495"]
[Site "Germany"]
[Date "1995.??.??"]
[Round "8.6"]
[White "Babic, Dragojle"]
[Black "Breutigam, Martin"]
[Result "1-0"]
[WhiteElo "2290"]
[BlackElo "2345"]
[PlyCount "45"]
[EventDate "1994.10.??"]
[EventType "team-tourn"]
[EventRounds "9"]
[EventCountry "GER"]
[SourceTitle "GER-chT2"]
[Source "ChessBase"]
[SourceDate "1999.07.01"]
[SourceVersion "1"]
[SourceVersionDate "1999.07.01"]
[SourceQuality "1"]
[WhiteTeam "Neukoelln"]
[BlackTeam "Delmenhorst"]
[WhiteTeamCountry "GER"]
[BlackTeamCountry "GER"]

1. e4 e6 2. Nf3 d5 3. Nc3 Nf6 4. e5 Nfd7 5. d4 Be7 6. Bd3 b6 7. Ne2 Ba6 8. Bxa6 Nxa6 9. 0-0 c5 10. c3 Nab8 11. c4 dxc4 12. d5 b5 13. Nf4 exd5 14. e6 Nb6 15. exf7+ Kxf7 16. Ne5+ Kg8 17. Qh5 Qf8 18. Qg4 Qf6 19. Re1 Bf8 20. Nh5 Qd6 21. Qf5 h6 22. Qf7+ Kh7 23. Ng4 1-0